Estatísticas para Mais partidas Seleção da Itália

Clique aqui para jogar o quiz

Estatísticas Gerais

  • Esse quiz foi jogado 23 vezes
  • A pontuação média é 6 de 10

Estatísticas das Respostas

JogosPeríodoJogador% Correto
1761997-2018Gianluigi Buffon
100%
1162002-2015Andrea Pirlo
82%
1172004-2022Giorgio Chiellini
76%
1162010-presenteLeonardo Bonucci
71%
1172004-2017Daniele De Rossi
65%
1361997-2010Fabio Cannavaro
65%
1261988-2002Paolo Maldini
65%
981999-2010Gianluca Zambrotta
35%
1121968-1983Dino Zoff
29%
941963-1977Giacinto Facchetti
12%

Distribuição das Pontuações

Percentil de Números Respondidos

Porcentagem de Pessoas com Cada Pontuação

Sua Pontuação Histórica

Você não jogou esse quiz